000 00527nam a2200169Ia 4500
003 GCL
008 140319s9999 xx 000 0 ara d
040 _aGCL /
_cGCL
082 0 4 _a251.15
_bع ا
100 1 _aعبدالحميد ميهوب
245 1 0 _aاحكام الاجتهاد فى الشريعة الاسلامية /
_cعبدالحميد ميهوب
300 _a192 ص
490 _a100 قصة
_v0
650 0 4 _aالفقه الاسلامى
650 0 4 _aالاجتهاد (شريعة اسلامية)
942 _2ddc
_cBK
999 _c43416
_d43416